000 01192nam a2200313 c 4500
003 BLK
005 20250610103303.0
008 180409b bul|||||r ||||||| ||bul||
010 _aKNG00143175000
020 _a978-954-28-1287-6
_bиздат.: Сиела Норма
040 _aBLK
041 _aBUL
_cBUL
072 7 _2bullib
_aН84
_xБългарска художествена литература Н
080 _aБългарска литература
_b821.163.2
_x-8
_z821.163.2-8
100 1 _aВълчанов, Рангел Петров
_eпърви автор
_9377438
139 _aВълчанов, Рангел Петров
_bВ 95
245 1 0 _aХем съм сам, хем няма никой! (Боклуци, любов и смешки)
_cРангел Петров Вълчанов.
257 _aBGR
260 София
_bСиела Норма
_c2013
300 _a200 с.
_c21 см
380 _aX
659 _aН
852 _aЦб 259532
856 4 _qpdf
_u
856 4 _qpdf
_u
942 _cKNG
_n0
_010
944 _aCR
_c28.05.2013
_lРусанова Ирена
_k30542
944 _aED
_c04.05.2015
_lф /
_kЛюдмила_Стоянова
999 _c137209
_d137209